000
00227nam a22000857a 4500
999
_c
11583
_d
11583
008
190724b ||||| |||| 00| 0 eng d
100
_a
Cervantes De Miguel
_9
7291
245
_a
Don Quixote-Part-1
260
_a
New Delhi
_b
Campfire
_c
2016